[Event "Rated Blitz 2 during Championship Ukraine U8 - 2025"]
[Site "?"]
[Date "2025.06.07"]
[Round "8.5"]
[White "Samarin, Oleksandr"]
[Black "Boryshkevych, Zakhar"]
[Result "1-0"]
[BlackElo "1496"]
[WhiteElo "1700"]
[LiveChessVersion "1.4.8"]

1. e4 {[%clk 0:03:03]} d6 {[%clk 0:03:04]} 2. d4 {[%clk 0:03:04]} Nf6
{[%clk 0:03:07]} 3. Nc3 {[%clk 0:03:07]} e5 4. dxe5 dxe5 {[%clk 0:03:09]} 5.
Qxd8+ {[%clk 0:03:07]} Kxd8 {[%clk 0:03:10]} 6. Bg5 {[%clk 0:03:08]} c6
{[%clk 0:03:11]} 7. O-O-O+ {[%clk 0:03:08]} Nbd7 {[%clk 0:03:13]} 8. f4
{[%clk 0:03:06]} Ke8 {[%clk 0:03:06]} 9. Nf3 {[%clk 0:03:06]} Ng4
{[%clk 0:02:53]} 10. Rd2 {[%clk 0:02:48]} f6 {[%clk 0:02:50]} 11. Bh4
{[%clk 0:02:44]} exf4 {[%clk 0:02:42]} 12. h3 {[%clk 0:02:33]} Ne3
{[%clk 0:02:40]} 13. Bd3 {[%clk 0:02:28]} Bb4 {[%clk 0:02:21]} 14. g3
{[%clk 0:02:20]} g5 {[%clk 0:02:18]} 15. Nxg5 {[%clk 0:02:14]} fxg5
{[%clk 0:02:17]} 16. Bxg5 {[%clk 0:02:13]} Bc5 {[%clk 0:02:13]} 17. Bxf4
{[%clk 0:02:05]} Ng2 {[%clk 0:02:11]} 18. Rxg2 {[%clk 0:02:04]} Ke7
{[%clk 0:02:09]} 19. Re2 {[%clk 0:01:50]} Bd4 {[%clk 0:02:08]} 20. Kd2
{[%clk 0:01:46]} Ne5 {[%clk 0:02:08]} 21. Bxe5 {[%clk 0:01:43]} Bg4
{[%clk 0:02:04]} 22. hxg4 {[%clk 0:01:43]} Bxe5 {[%clk 0:02:05]} 23. Rf2
{[%clk 0:01:43]} Bxg3 {[%clk 0:02:03]} 24. Rf3 {[%clk 0:01:41]} Be5
{[%clk 0:02:02]} 25. Rfh3 {[%clk 0:01:40]} Bf4+ {[%clk 0:02:01]} 26. Ke2
{[%clk 0:01:39]} h6 {[%clk 0:02:01]} 27. Rf1 {[%clk 0:01:32]} Raf8
{[%clk 0:02:01]} 28. Rhf3 {[%clk 0:01:28]} Bg5 {[%clk 0:02:00]} 29. Rxf8
{[%clk 0:01:28]} Rxf8 {[%clk 0:02:01]} 30. Rxf8 {[%clk 0:01:29]} Kxf8
{[%clk 0:02:02]} 31. e5 {[%clk 0:01:30]} Ke7 {[%clk 0:02:03]} 32. Kf3
{[%clk 0:01:31]} Ke6 {[%clk 0:02:04]} 33. Ke4 {[%clk 0:01:32]} Bd2
{[%clk 0:02:02]} 34. Bc4+ {[%clk 0:01:33]} Ke7 {[%clk 0:02:03]} 35. Ne2 Bg5
{[%clk 0:01:58]} 36. Nf4 {[%clk 0:01:33]} Bxf4 {[%clk 0:01:57]} 37. Kxf4
{[%clk 0:01:34]} b5 {[%clk 0:01:57]} 38. Bb3 {[%clk 0:01:35]} a5 {[%clk 0:01:55]}
39. a4 {[%clk 0:01:36]} 1-0

[Event "Rated Blitz 2 during Championship Ukraine U8 - 2025"]
[Site "?"]
[Date "2025.06.07"]
[Round "9.2"]
[White "Bazhan, Vitalii"]
[Black "Samarin, Oleksandr"]
[Result "1-0"]
[BlackElo "1700"]
[WhiteElo "2112"]
[LiveChessVersion "1.4.8"]

1. b3 {[%clk 0:03:03]} d5 {[%clk 0:03:02]} 2. Bb2 {[%clk 0:03:03]} Nc6
{[%clk 0:03:02]} 3. Nf3 {[%clk 0:02:59]} Bf5 {[%clk 0:03:02]} 4. d3
{[%clk 0:02:51]} Qd7 {[%clk 0:02:59]} 5. Nbd2 {[%clk 0:02:51]} O-O-O
{[%clk 0:02:59]} 6. c4 {[%clk 0:02:49]} dxc4 {[%clk 0:02:59]} 7. bxc4
{[%clk 0:02:47]} e6 {[%clk 0:02:52]} 8. g3 {[%clk 0:02:44]} f6 {[%clk 0:02:48]}
9. Bg2 {[%clk 0:02:43]} Bc5 {[%clk 0:02:47]} 10. O-O {[%clk 0:02:42]} g5
{[%clk 0:02:30]} 11. Nb3 {[%clk 0:02:41]} Be7 {[%clk 0:02:14]} 12. Nxg5
{[%clk 0:02:28]} h5 {[%clk 0:01:59]} 13. Nf7 {[%clk 0:02:25]} Ba3
{[%clk 0:01:53]} 14. Bxa3 {[%clk 0:02:09]} Qxf7 {[%clk 0:01:50]} 15. Bxc6
{[%clk 0:01:51]} bxc6 {[%clk 0:01:50]} 16. Na5 {[%clk 0:01:52]} Kd7
{[%clk 0:01:50]} 17. Qa4 {[%clk 0:01:49]} Ne7 {[%clk 0:01:49]} 18. Bxe7
{[%clk 0:01:47]} Kxe7 {[%clk 0:01:48]} 19. Nxc6+ {[%clk 0:01:45]} Ke8
{[%clk 0:01:47]} 20. Ne5+ {[%clk 0:01:40]} Qd7 {[%clk 0:01:45]} 21. Nxd7
{[%clk 0:01:39]} Rxd7 {[%clk 0:01:46]} 22. Rab1 {[%clk 0:01:33]} Ke7
{[%clk 0:01:47]} 23. Qa3+ {[%clk 0:01:31]} Kf7 {[%clk 0:01:48]} 24. Qxa7
{[%clk 0:01:31]} Rg8 {[%clk 0:01:49]} 25. Rb7 {[%clk 0:01:28]} Kg6
{[%clk 0:01:48]} 26. Rxc7 {[%clk 0:01:28]} Rd4 {[%clk 0:01:47]} 27. Qxd4
{[%clk 0:01:28]} e5 {[%clk 0:01:47]} 28. Qd5 {[%clk 0:01:18]} Rh8
{[%clk 0:01:47]} 29. Qf7+ {[%clk 0:01:18]} Kh6 {[%clk 0:01:45]} 30. Qg7#
{[%clk 0:01:19]} 1-0

[Event "Rated Blitz 2 during Championship Ukraine U8 - 2025"]
[Site "?"]
[Date "2025.06.07"]
[Round "9.3"]
[White "Danylyuk, Vasyl"]
[Black "Kaliuzhny, Andrey"]
[Result "0-1"]
[BlackElo "2084"]
[WhiteElo "2011"]
[LiveChessVersion "1.4.8"]

1. d4 {[%clk 0:03:04]} Nf6 {[%clk 0:03:03]} 2. c4 g6 3. Nc3 {[%clk 0:03:06]} Bg7
{[%clk 0:03:06]} 4. e4 {[%clk 0:03:07]} d6 {[%clk 0:03:08]} 5. Be2
{[%clk 0:03:08]} c6 {[%clk 0:03:09]} 6. Be3 {[%clk 0:03:10]} a6 {[%clk 0:03:11]}
7. g4 {[%clk 0:03:09]} b5 {[%clk 0:03:12]} 8. g5 {[%clk 0:03:09]} Nfd7
{[%clk 0:03:12]} 9. h4 {[%clk 0:03:09]} h5 {[%clk 0:03:10]} 10. gxh6 Bxh6
{[%clk 0:03:12]} 11. Bxh6 {[%clk 0:03:02]} Rxh6 {[%clk 0:03:13]} 12. Qd2
{[%clk 0:03:03]} Rh8 {[%clk 0:03:14]} 13. h5 {[%clk 0:02:47]} Nf6
{[%clk 0:03:09]} 14. O-O-O {[%clk 0:02:31]} b4 {[%clk 0:03:04]} 15. Na4
{[%clk 0:02:21]} Qa5 {[%clk 0:03:00]} 16. b3 {[%clk 0:02:16]} Nxe4
{[%clk 0:02:48]} 17. Qf4 {[%clk 0:02:08]} Qf5 {[%clk 0:02:18]} 18. Qe3
{[%clk 0:01:45]} Nxf2 {[%clk 0:01:53]} 19. Rf1 {[%clk 0:01:38]} Ng4
{[%clk 0:01:40]} 20. Qd2 {[%clk 0:01:13]} Qa5 {[%clk 0:01:28]} 21. Qf4
{[%clk 0:00:59]} Nf6 {[%clk 0:01:15]} 22. hxg6 {[%clk 0:00:55]} Rxh1
{[%clk 0:01:00]} 23. g7 {[%clk 0:00:56]} Nbd7 {[%clk 0:00:59]} 24. Bg4
{[%clk 0:00:38]} Rh7 {[%clk 0:00:49]} 25. Bxd7+ {[%clk 0:00:38]} Kxd7
{[%clk 0:00:42]} 26. Qxf6 {[%clk 0:00:38]} exf6 {[%clk 0:00:35]} 27. g8=Q
{[%clk 0:00:38]} Qg5+ {[%clk 0:00:19]} 28. Qxg5 {[%clk 0:00:39]} fxg5
{[%clk 0:00:21]} 29. Nb6+ {[%clk 0:00:40]} Kc7 {[%clk 0:00:23]} 30. Nxa8+ Kb7 31.
Rf6 {[%clk 0:00:37]} Rh1 {[%clk 0:00:19]} 32. Rxf7+ {[%clk 0:00:31]} Kxa8
{[%clk 0:00:19]} 33. Rf1 {[%clk 0:00:31]} g4 {[%clk 0:00:17]} 34. Kd2
{[%clk 0:00:31]} Kb7 {[%clk 0:00:17]} 35. Ke3 {[%clk 0:00:31]} Be6
{[%clk 0:00:13]} 36. Kf4 {[%clk 0:00:25]} Kb6 37. Re1 {[%clk 0:00:24]} Bd7
{[%clk 0:00:13]} 38. Ne2 {[%clk 0:00:23]} Rxe1 {[%clk 0:00:12]} 0-1

[Event "Rated Blitz 2 during Championship Ukraine U8 - 2025"]
[Site "?"]
[Date "2025.06.07"]
[Round "9.4"]
[White "Khilchuk, Ivan"]
[Black "Netrebka, Myron"]
[Result "1-0"]
[BlackElo "1919"]
[WhiteElo "1905"]
[LiveChessVersion "1.4.8"]

1. d4 {[%clk 0:03:04]} c6 {[%clk 0:03:02]} 2. c4 {[%clk 0:03:05]} d5
{[%clk 0:03:03]} 3. Nf3 {[%clk 0:03:05]} e6 {[%clk 0:03:02]} 4. cxd5
{[%clk 0:03:03]} exd5 {[%clk 0:03:04]} 5. Nc3 {[%clk 0:03:04]} Nf6
{[%clk 0:03:05]} 6. Bg5 {[%clk 0:03:05]} Be7 {[%clk 0:03:06]} 7. e3
{[%clk 0:03:07]} O-O {[%clk 0:03:07]} 8. Bd3 {[%clk 0:03:07]} h6 {[%clk 0:03:06]}
9. Bh4 {[%clk 0:03:08]} Re8 {[%clk 0:03:01]} 10. O-O {[%clk 0:03:06]} Nbd7
{[%clk 0:03:03]} 11. Rb1 {[%clk 0:03:07]} Nf8 {[%clk 0:03:04]} 12. b4
{[%clk 0:03:04]} Ng6 {[%clk 0:03:01]} 13. Bg3 {[%clk 0:03:05]} Bd6
{[%clk 0:02:59]} 14. b5 {[%clk 0:02:55]} Ne4 {[%clk 0:02:38]} 15. Bxe4
{[%clk 0:02:06]} dxe4 {[%clk 0:02:36]} 16. Nd2 {[%clk 0:02:07]} f5
{[%clk 0:02:18]} 17. bxc6 {[%clk 0:02:05]} bxc6 18. Bxd6 {[%clk 0:01:52]} Qxd6
{[%clk 0:02:17]} 19. Qc2 {[%clk 0:01:39]} Ba6 {[%clk 0:02:15]} 20. Rfc1
{[%clk 0:01:34]} Bd3 21. Qb3+ Kh7 {[%clk 0:02:12]} 22. Ra1 {[%clk 0:01:34]} Rab8
{[%clk 0:02:13]} 23. Qd1 {[%clk 0:01:32]} f4 {[%clk 0:01:05]} 24. Qg4
{[%clk 0:01:23]} fxe3 {[%clk 0:00:54]} 25. fxe3 {[%clk 0:01:23]} Qe7
{[%clk 0:00:49]} 26. Nf1 {[%clk 0:01:05]} Rb2 {[%clk 0:00:40]} 27. Ng3
{[%clk 0:01:02]} c5 {[%clk 0:00:31]} 28. Nd1 {[%clk 0:00:59]} Rd2
{[%clk 0:00:26]} 29. Rxc5 {[%clk 0:00:44]} Rf8 {[%clk 0:00:20]} 30. Rf5
{[%clk 0:00:37]} Rxf5 {[%clk 0:00:13]} 31. Qxf5 {[%clk 0:00:37]} Qe8
{[%clk 0:00:09]} 32. Nf2 {[%clk 0:00:33]} Kh8 {[%clk 0:00:08]} 33. Rc1
{[%clk 0:00:22]} Ba6 {[%clk 0:00:05]} 34. Nfxe4 {[%clk 0:00:21]} Bb7
{[%clk 0:00:06]} 35. Re1 {[%clk 0:00:15]} Rxg2+ 36. Kh1 {[%clk 0:00:11]} Rc2
{[%clk 0:00:07]} 37. Kg1 {[%clk 0:00:09]} Nh4 38. Qf4 {[%clk 0:00:05]} Ng6
{[%clk 0:00:05]} 39. Qf3 {[%clk 0:00:05]} Rc7 {[%clk 0:00:05]} 40. Rf1
{[%clk 0:00:05]} Kh7 {[%clk 0:00:05]} 41. Qf5 {[%clk 0:00:05]} Bxe4
{[%clk 0:00:04]} 42. Qxe4 {[%clk 0:00:05]} Re7 43. Qf5 {[%clk 0:00:06]} Rxe3
{[%clk 0:00:07]} 44. Qf7 {[%clk 0:00:06]} Qa8 {[%clk 0:00:06]} 45. Nf5
{[%clk 0:00:06]} Qg8 {[%clk 0:00:04]} 46. Qxg8+ {[%clk 0:00:06]} Kxg8
{[%clk 0:00:05]} 47. Nxe3 {[%clk 0:00:07]} Ne7 {[%clk 0:00:04]} 48. Rc1
{[%clk 0:00:08]} Kf7 {[%clk 0:00:05]} 49. Rc7 {[%clk 0:00:09]} Ke6
{[%clk 0:00:04]} 50. d5+ {[%clk 0:00:10]} Kd6 {[%clk 0:00:06]} 51. Rxa7
{[%clk 0:00:11]} g5 {[%clk 0:00:06]} 52. Ra6+ {[%clk 0:00:12]} Kc5 53. Rxh6
{[%clk 0:00:12]} Nc8 {[%clk 0:00:06]} 54. Rc6+ {[%clk 0:00:13]} 1-0